| Tag |
First Indicator |
Second Indicator |
Subfields |
| LEADER |
00000cam a22000001 4500 |
| 001 |
in00000034613 |
| 005 |
20151007061951.0 |
| 008 |
731212s1966 nyu 00000 eng |
| 010 |
|
|
|a 66023820
|
| 035 |
|
|
|a (OCoLC)00289712
|
| 035 |
|
|
|9 AAD3624AM
|
| 040 |
|
|
|a DLC
|c DLC
|d TXA
|d UtOrBLW
|
| 049 |
|
|
|a TXAM
|c 1 [A01264913], 2 [A11187862], 3 [A11187228]
|
| 050 |
0 |
0 |
|a PS3525.O5616
|b T4
|
| 082 |
0 |
|
|a 818.5209
|
| 100 |
1 |
|
|a Moore, Marianne,
|d 1887-1972.
|
| 245 |
1 |
0 |
|a Tell me, tell me ;
|b granite, steel, and other topics.
|
| 264 |
|
1 |
|a New York :
|b Viking Press,
|c [1966]
|
| 300 |
|
|
|a 57 pages ;
|c 24 cm.
|
| 336 |
|
|
|a text
|b txt
|2 rdacontent
|
| 337 |
|
|
|a unmediated
|b n
|2 rdamedia
|
| 338 |
|
|
|a volume
|b nc
|2 rdacarrier
|
| 500 |
|
|
|a Poems and prose.
|
| 999 |
|
|
|a MARS
|
| 999 |
f |
f |
|s 10380630-754c-3660-9a79-5f151313f730
|i 02a168da-6282-3bee-8c33-f51cdcec946c
|t 0
|
| 952 |
f |
f |
|p ric
|a Texas A&M University
|b Rellis Campus
|c Joint Library Facility
|s JLF
|d Remote Storage
|t 0
|e PS3525.O5616 T4
|h Library of Congress classification
|i unmediated -- volume
|m A14801264913
|
| 998 |
f |
f |
|a PS3525.O5616 T4
|t 0
|l Remote Storage
|